| 000 | 01140nam1a22002651i 4500 | ||
|---|---|---|---|
| 001 | rc\3023563 | ||
| 005 | 20260406110137.0 | ||
| 035 | _a(NLR Aleph) 007165330 | ||
| 090 |
_a7290947 _c7290947 |
||
| 100 | _a20110928d1936 |||y0rusy50 ca | ||
| 101 | 0 | _arus | |
| 102 | _aRU | ||
| 105 | _ay z ||||| | ||
| 200 | 1 |
_aИстория западноевропейского театра ... _eПособие для театральных вузов, училищ и студий _eОдобрено Упр. театральных зрелищных предприятий НКП, РСФСР. Ч. 1- _fС. Мокульский |
|
| 210 |
_aМосква _cГослитиздат _d1936 _g11 тип. Мособлполиграфа |
||
| 215 | _d23×15 см | ||
| 300 | _aПереплет: Н. Лобанов | ||
| 700 | 1 |
_8rus _7ca _aМокульский _bС. С. _f1896-1960 _gСтефан Стефанович _3RU\NLR\auth\77106550 _989475 |
|
| 702 | 1 |
_aЛобанов _bН. _4570 |
|
| 801 | 0 |
_aRU _bNLR _gpsbo |
|
| 801 | 1 |
_aRU _bELAR _2rusmarc |
|
| 852 |
_aNLR _j36-18/202(1) |
||
| 852 |
_aNLR _jИс70 В-5/9(1) |
||
| 852 |
_aNLR _bМф _jК-1/9450 |
||
| 942 | _cBOOK | ||